| 000 | 00905nam a2200277Ia 4500 | ||
|---|---|---|---|
| 999 |
_c926 _d926 |
||
| 003 | OSt | ||
| 005 | 20240530094753.0 | ||
| 008 | 140319s9999 xx 000 0 ara d | ||
| 017 |
_a98/7952 _bمصر. دار الكتب |
||
| 020 | _a9772153440 | ||
| 040 |
_aGCL / _cGCL |
||
| 082 | 0 | 4 |
_a252/ _bع ع _221 |
| 100 | 0 | _aعبدالحليم محمود | |
| 245 | 1 | 2 |
_aالعبادة احكام واسرار / _cعبدالحليم محمود |
| 260 |
_aالقاهرة : _bدار غريب للطباعة والنشر والتوزيع، _c1998. |
||
| 300 |
_a455 ص ؛ _c24 سم |
||
| 650 | 0 | 7 |
_aالحج _2qrmak |
| 650 | 0 | 7 |
_aالصلاة _2qrmak |
| 650 | 0 | 7 |
_aالزكاة _2qrmak |
| 650 | 0 | 7 |
_aالفقه الاسلامى _2qrmak |
| 650 | 0 | 7 |
_aالعبادات _2qrmak |
| 650 | 0 | 7 |
_aالطهارة _2qrmak |
| 650 | 0 | 7 |
_aالعبادات( فقه اسلامى ) _2qrmak |
| 651 | _2qrmak | ||
| 942 |
_2ddc _cBK |
||